| 000 | 00000nam 2200000zi 4500 |
| 001 | 9.902699 |
| 003 | CaOODSP |
| 005 | 20250611103859 |
| 006 | m o d f |
| 007 | cr cn||||||||| |
| 008 | 210819s2008 onca o f000 0 fre d |
| 020 | |z978-1-100-90535-8 |
| 040 | |aCaOODSP|bfre|erda|cCaOODSP |
| 043 | |an-cn--- |
| 086 | 1 |aA52-137/2-2009F-PDF|zA52-137/2-2009F |
| 245 | 03|aUn meilleur rendement, un limbe à la fois. |
| 264 | 1|a[Ottawa] : |bAgriculture et agroalimentaire Canada = Agriculture and Agri-Food Canada, |c[2008] |
| 264 | 4|c©2008 |
| 300 | |a1 ressource en ligne (2 pages non numérotées) |
| 336 | |atexte|btxt|2rdacontent/fre |
| 337 | |ainformatique|bc|2rdamedia/fre |
| 338 | |aressource en ligne|bcr|2rdacarrier/fre |
| 500 | |aPublié aussi en anglais sous le titre : Making every blade count. |
| 500 | |aÉdition numérisée de l'imprimé [par Agriculture et agroalimentaire Canada]. |
| 650 | 6|aPlantes fourragères|xRecherche|zCanada. |
| 650 | 6|aBovins|xAlimentation|zCanada. |
| 710 | 1 |aCanada. |bAgriculture et agroalimentaire Canada, |eorganisme de publication. |
| 775 | 08|tMaking every blade count |w(CaOODSP)9.846735 |
| 856 | 40|qPDF|s128 Ko|uhttps://publications.gc.ca/collections/collection_2021/aac-aafc/A52-137-2-2009-fra.pdf |